| 000 | 00353nam a2200145Ia 4500 | ||
|---|---|---|---|
| 008 | 150201s2007 xx 000 0 und d | ||
| 082 |
_a616.6 _bC07H |
||
| 100 | _aHANNO,PM | ||
| 245 | _aPENN,CLNICAL MANUAL OF UROLOGY | ||
| 250 | _a1ST | ||
| 260 |
_bELSEVIER _aPHILADELPHIA _c207 |
||
| 300 | _a1-986 | ||
| 650 | _aMEDICINE AND DIAGNOSIS | ||
| 942 |
_2ddc _cBK |
||
| 999 |
_c430 _d430 |
||